| 000 | 01148nam a22004337a 4500 | ||
|---|---|---|---|
| 005 | 20260128114057.0 | ||
| 008 | 260128b2022 |||||||| |||| 00| 0 spa d | ||
| 020 | _a9786287528222 | ||
| 041 | _aESP | ||
| 082 | _a617.643 N176d2 | ||
| 100 |
_aNanda, Ravindra _917796 |
||
| 100 | _aUribe, Flavio | ||
| 100 | _aYadav, Sumit | ||
| 245 | _aDispositivos de anclaje temporal en ortodoncia | ||
| 250 | _a2 edición | ||
| 260 | _aColombia | ||
| 260 | _bAMOLCA | ||
| 260 | _c2022 | ||
| 300 | _a328 páginas | ||
| 300 | _bFotografías a color | ||
| 490 | _aMecánica Dental | ||
| 650 | _aORTODONCIA | ||
| 650 | _aODONTOLOGÍA ESTÉTICA | ||
| 650 | _aANCLAJE ESQUELÉTICO | ||
| 650 | _aBIOMECÁNICA | ||
| 650 | _aAPARATOLOGÍA PALATINA | ||
| 650 | _aIMPLANTES PALATINOS | ||
| 650 | _aI-SATION | ||
| 650 | _aIMPLANTES CIGOMÁTICOS | ||
| 650 | _aMORDIDA ABIERTA | ||
| 650 | _aDAT BUCALES | ||
| 650 | _aDAT EXTRAALVEOLARES | ||
| 650 | _aMOVIMIENTOS DENTALES | ||
| 650 | _aDISTALIZACIÓN DENTARIA | ||
| 650 | _aCAMUFLAJE ORTOGNÁTICO | ||
| 650 | _aSISTEMA MGBM | ||
| 650 | _aSIATEMA DISTAL DUAL | ||
| 942 |
_2ddc _cBK |
||
| 999 |
_c13865 _d13865 |
||